African acrostics : (Record no. 6620)

MARC details
000 -LEADER
fixed length control field 01677cam a2200325 a 4500
001 - CONTROL NUMBER
control field 6620
003 - CONTROL NUMBER IDENTIFIER
control field FISKH
005 - DATE AND TIME OF LATEST TRANSACTION
control field 20250820083252.0
008 - FIXED-LENGTH DATA ELEMENTS--GENERAL INFORMATION
fixed length control field 080418s2009 maua 000 0 eng
010 ## - LIBRARY OF CONGRESS CONTROL NUMBER
LC control number 2008017916
020 ## - INTERNATIONAL STANDARD BOOK NUMBER
International Standard Book Number 9780763636210 (hc.)
020 ## - INTERNATIONAL STANDARD BOOK NUMBER
International Standard Book Number 9780545279345
020 ## - INTERNATIONAL STANDARD BOOK NUMBER
International Standard Book Number 9780763658182
020 ## - INTERNATIONAL STANDARD BOOK NUMBER
International Standard Book Number 0763636215 (hc.)
040 ## - CATALOGING SOURCE
Original cataloging agency DLC
Transcribing agency DLC
Modifying agency DLC
Language of cataloging eng
050 ## - LIBRARY OF CONGRESS CALL NUMBER
Classification number PR9199.H345 A69
082 ## - DEWEY DECIMAL CLASSIFICATION NUMBER
Classification number 811.6
100 1# - MAIN ENTRY--PERSONAL NAME
Personal name Harley, Avis.
245 10 - TITLE STATEMENT
Title African acrostics :
Remainder of title a word in edgeways /
Statement of responsibility, etc. poems by Avis Harley ; photographs by Deborah Noyes.
260 ## - PUBLICATION, DISTRIBUTION, ETC.
Place of publication, distribution, etc. Somerville :
Name of publisher, distributor, etc. Candlewick Press,
Date of publication, distribution, etc. 2009.
300 ## - PHYSICAL DESCRIPTION
Extent 38 unnumbered pages :
Other physical details color illustrations ;
Dimensions 22 x 26 cm
520 ## - SUMMARY, ETC.
Summary, etc. Inside every acrostic is a secret message, often lurking in the first letter of each line (read top to bottom). But look out! These acrostics not only follow their subjects to Africa, but they also take the form to a whole new level. Here you'll find the elusive double acrostic (in which the first and last letters of each line spell a message), the cross acrostic (in which the message is read diagonally), and the multiple acrostic (see it to believe it), not to mention lions, zebras, crocodiles, hippos, leopards, and elephants. Oh, my! Illustrated with gorgeous full-color photographs, this collection is sure to send poetry buffs and animal lovers on an armchair safari they'll never forget.
650 #0 - SUBJECT ADDED ENTRY--TOPICAL TERM
Topical term or geographic name entry element Animals
Geographic subdivision Africa
Form subdivision Juvenile poetry.
650 #0 - SUBJECT ADDED ENTRY--TOPICAL TERM
Topical term or geographic name entry element Children's poetry, Canadian.
650 #0 - SUBJECT ADDED ENTRY--TOPICAL TERM
Topical term or geographic name entry element Acrostics.
700 1# - ADDED ENTRY--PERSONAL NAME
Personal name Noyes, Deborah,
Relator term illustrator
906 ## - LOCAL DATA ELEMENT F, LDF (RLIN)
a 7
b cbc
c orignew
d 1
e ecip
f 20
g y-gencatlg
942 ## - ADDED ENTRY ELEMENTS (KOHA)
Source of classification or shelving scheme Dewey Decimal Classification
Koha item type Books
Suppress in OPAC No
Holdings
Withdrawn status Lost status Source of classification or shelving scheme Damaged status Not for loan Collection Home library Current library Shelving location Date acquired Total Checkouts Full call number Barcode Date last seen Copy number Price effective from Koha item type
    Dewey Decimal Classification     Non-Fiction Footprints International School Library Network Toul Kork Campus Footprints International School Library Network Toul Kork Campus A TK Campus, 4th Floor, Room B401, Non-Fiction Bookcases(7-8) 05/16/2025   HAR 811.6 PR9199.H345 A69 FISTK02212 05/16/2025 1 05/16/2025 Books
    Dewey Decimal Classification     Non-Fiction Footprints International School Library Network Toul Kork Campus Footprints International School Library Network Toul Kork Campus A TK Campus, 4th Floor, Room B401, Non-Fiction Bookcases(7-8) 05/30/2025   HAR 811.6 PR9199.H345 A69 FISTK04963 05/30/2025 2 05/30/2025 Books
    Dewey Decimal Classification     Non-Fiction Footprints International School Library Network Toul Tom Poung Campus Footprints International School Library Network Toul Tom Poung Campus TTP Secondary Non-Fiction Bookshelves 08/20/2025   HAR 811.6 PR9199.H345 A69 FISSE01190 08/20/2025 3 08/20/2025 Books